000 00867nam a2200253 i 4500
001 bg
100 1 _aWITCZAK, Marcin
245 1 0 _aIdentification and fault detection of non-linear dynamic systems /
_cMarcin Witczak.
260 _aZielona Góra :
_bUniversity of Zielona Góra Press,
_c2003.
300 _a124 s. :
_bil. ;
_c24 cm.
490 1 _aLecture Notes in Control and Computer Science ;
_vVol.1
504 _aBibliogr.
650 9 _aDiagnostyka techniczna
_xmetody
650 9 _aAlgorytmy genetyczne
_xstosowanie
_xprogramowanie
650 9 _aSieci neuronowe
_xstosowanie
_xtechnika
830 _aLecture Notes in Control and Computer Science ;
020 _a8388317652
040 _cBPK
041 0 _aeng
_bpol
080 _a62-192:004.032.26:004.421:575.224
920 _a83-88317-65-2
942 _cKS
008 s pl f |000 0 pol
999 _c42636
_d42636
856 _uhttp://koha.tu.koszalin.pl/cgi-bin/koha/opac-detail.pl?biblionumber=42636
_yKatalog online BPK